| 000 | 01115cab a2200253 4500 | ||
|---|---|---|---|
| 001 | WB3312-44 | ||
| 008 | 090401t1997 xxu||||| |||| 00| 0 eng d | ||
| 035 | _a(Sirsi) u77209 | ||
| 041 | _aeng | ||
| 245 | _aDevelopment | ||
| 260 | _c1997 | ||
| 350 | _a0 | ||
| 490 |
_aEstates Gazette Case Summaries _v1997 EGCS 32 (15/3/97) |
||
| 520 | _a"R v Wakefield MDC, ex parte Pearl Assurance plc" QBD 5 March 1997. The respondent planning authority (W) received an application for planning permission for an out of town shopping centre including a factory outlet centre. The applicant, (P) sought to quash the permission granted on the grounds that W had failed to regard the impact of the proposal on existing retail centres. Application dismissed. | ||
| 650 | _aFACTORY OUTLET CENTRES | ||
| 650 | _aOUT-OF-TOWN SHOPPING CENTRES | ||
| 650 | _aPLANNING PERMISSION | ||
| 650 | _aPLANNING POLICY GUIDANCE NOTE SIX | ||
| 650 | _aR V WAKEFIELD MDC EX P PEARL ASSURANCE PLC | ||
| 650 | _aTOWN AND COUNTRY PLANNING ACT 1990 | ||
| 690 | _aPLANNING LAW AND PRACTICE-CASE LAW | ||
| 942 | _n0 | ||
| 948 | _c19/03/1997 | ||
| 999 |
_c48531 _d48531 |
||